000
00307nam a22001337a 4500
008
170615b xxu||||| |||| 00| 0 eng d
020
_a
0865313458
041
_a
eng
080
_a
327
100
_a
19
101
_a
SHP
245
_a
NONSTATE ACTORS IN INTERNATIONAL POLITICS
_c
TAYLOR,PH
942
_2
udc
_c
BK
999
_c
17483
_d
17483